00000000nam##2200000za#4500
0019.579948
003CaOODSP
00520210624190814
007cr |||||||||||
008150406|2003||||xxc|||||o    f|0| 0 eng|d
022 |a1488-5387
040 |aCaOODSP|beng
043 |an-cn---
0861 |aFs97-4/2643E-PDF
1101 |aCanada. |bDepartment of Fisheries and Oceans.
24510|aTrace element and heavy metal data for blue mussels (Mytilus edulis) from Trinity Bay and Placentia Bay, Newfoundland / |h[electronic resource]|cby G. Veinott, R. Whalen, and 1. Miller-Banoub.
260 |aSt. John's - Newfoundland and Labrador : |bFisheries and Oceans Canada |c2003.
300 |a16p.|bfigs., references, tables
4901 |aCanadian manuscript report of fisheries and aquatic sciences|x1488-5387|vNo. 2643
500 |aOn t. p. : Science, Oceans and Environment Branch, St. John's. The catalogue number and ISSN for the print edition appear in the PDF version.
546 |a(Résumés en français)
590 |a14-13-Supp|b2014-06-23
7201 |aVeinott, G.
7201 |aWhalen, R.
7201 |aBanoub, J. Miller
830#0|aCanadian manuscript report of fisheries and aquatic sciences,|x1488-5387|vNo. 2643|w(CaOODSP)9.505211
85640|ahttp://publications.gc.ca|qPDF|s547 KB|uhttps://publications.gc.ca/collections/collection_2014/mpo-dfo/Fs97-4-2643-eng.pdf|yNo. 2643